000 00324nam a22001457a 4500
008 210303b ||||| |||| 00| 0 eng d
020 _a2900195388328
041 _aeng
080 _a37
082 _a37
100 _a46
101 _aEDU
245 _aWomen's refocusing the past America
_cKerber, L.K
942 _2udc
_cBK
999 _c55638
_d55638